000 01725nam a22004457a 4500
003 CHAP
005 20220329143434.0
008 090826s2009 mx r 00010 spa d
010 _a96628
011 _a97600
035 _a108270
040 _cCHAP
090 _aTesis
100 1 _aCastillo Velazquez, Pedro
_920238
245 1 0 _aEvaluación de la caña de azúcar enriquecida con la adición de levadura de pan
_c/por Pedro Castillo Velazquez y Sara Luna Cruz
260 _aChapingo, Méx. :
_bEl autor,
_c2009
300 _avi, 53 h. :
_bcuadros, mapa
502 _aTesis (Ing. Agr. Esp. en Zootecnia) -- UACH. Departamento de Zootecnia
530 _aTambién disponible en línea
590 _aALEPH
_b10
_c20130110
_lUCH01
_h1529
590 _aBATCH-UPD
_b10
_c20130110
_lUCH01
_h1216
590 _aBATCH-UPD
_b10
_c20130410
_lUCH01
_h0753
590 _aBATCH-UPD
_b10
_c20130914
_lUCH01
_h0837
590 _aBATCH-UPD
_b10
_c20140324
_lUCH01
_h1512
590 _aBATCH-UPD
_b10
_c20141002
_lUCH01
_h0840
590 _aBATCH
_b00
_c20181121
_lUCH01
_h0759
590 _aCONVERSION
_b10
_c20130109
_lUCH01
_h1353
650 1 4 _aCaña de azúcar como forraje.
_918673
650 1 4 _aCaña de azúcar
_xTrópicos.
_918660
650 1 4 _aGanado lanar
_xAlimentación.
_945153
650 1 4 _aLevaduras en alimentación animal.
_966404
650 1 4 _aProteínas en nutrición animal.
_992454
700 1 _aLuna Cruz, Sara
_969038
856 _3Finding aid
_uhttp://10.13.5.2/tesis/108270.pdf
_zTeclea aqui
856 _a1
_n0001443
901 _aBK
942 _cFOLL
949 _aTesis
_bBC
_cTES
_d33724002094462
_eTS1
_gDonaciØn
_h49460
_i108270
_sb
949 _aTesis
_bBC
_cTES
_d33724002094504
_eTS2
_fc.2
_gDonaciØn
_h49461
_i108270
_sb
999 _c96628
_d96628